Viskubrunnur shi Quiz Stats

 Plays Quiz not verified by Sporcle

Support Sporcle.
Go Orange.
Score 0/12 Timer 10:00
0 Plays Today
Sendiráð Sendiherra % Correct
USALuis E. Arreaga-Rodas
100%
UKIan Whitting
83.3%
DanmörkSören Halsund
83.3%
FrakklandCaroline Dumas
83.3%
KanadaAlan Bones
83.3%
KínaSu Ge
83.3%
ESBTimo Summa
83.3%
RússlandAndrey Tsyganov
66.7%
FinnlandAri Talsanen
50%
NoregurDag-Wernö Holter
50%
JapanKatsuhiro Natsume
33.3%
ÞýskalandPetra Snceider
16.7%

You're not logged in!

Compare scores with friends on all Sporcle quizzes.
OR
Log In

From the Vault

Finish the Famous Beatles Lyric

by lolshortee

"Na na na" is usually a good guess.
Remove Ads.
Support Sporcle.
Get the best of Sporcle when you Go Orange. This ad-free experience offers more features, more stats, and more fun while also helping to support Sporcle. Thank you for becoming a member.

Show Comments

Extras

Created Feb 12, 2011ReportNominate

Top Quizzes Today


Score Distribution

Your Account Isn't Verified!

In order to create a playlist on Sporcle, you need to verify the email address you used during registration. Go to your Sporcle Settings to finish the process.

Report this User

Report this user for behavior that violates our Community Guidelines.

Details: